00000000nam##2200000za#4500
0019.699281
003CaOODSP
00520210625000317
007cr |||||||||||
008150407|1969||||xxc|||||o    f|0| 0 eng|d
040 |aCaOODSP|beng
043 |an-cn---
0861 |aA53-1400/1969E-PDF
1101 |aCanada.|bAgriculture Canada.|bResearch Branch.
24510|aGrowing irrigated crops on the Canadian prairies / |h[electronic resource]|c[by] S. Dubetz and D.B. Wilson.
260 |aOttawa - Ontario : |bAgriculture Canada. |c1969.
300 |a28p.|bmap
500 |aHistorical publication digitized by Agriculture and Agri-Food Canada.
590 |a14-11-Supp|b2014-05-21
69007|aCrops|2gcpds
69007|aFarming|2gcpds
69007|aIrrigation|2gcpds
85640|ahttp://publications.gc.ca|qPDF|s1.6 MB|uhttps://publications.gc.ca/collections/collection_2014/aac-aafc/agrhist/A53-1400-1969-eng.pdf
986 |a1400